Horúca novinka z Európskeho kardiologického kongresu vo Viedni

Bibliographic Details
Main Author: Murín, Ján, 1949- (Author)
Format: Article
Language:Slovak
PhysicalDescription:Obr.
ISSN:1335-4477
Subjects:

MARC

LEADER 00000nab a2200000 a 4500
001 vtls000863224
003 SK-MaSNL
005 20260303202040.0
008 140303c2003 xo 0 slo
015 |a SNBRB2004/02-05535 
035 |a CLN000214789 
040 |a SNKBUCL  |b slo  |c SNKBUCL  |e AACR2 
041 0 |a slo 
044 |a xo  |c SK 
080 |a 616.12-008.46-085  |2 1997 
080 |a 615.22:061.3  |2 1997 
080 |a 616.12:061.3(4)  |2 1997 
100 1 |a Murín, Ján,  |d 1949-  |4 aut  |9 192427 
245 1 0 |a Horúca novinka z Európskeho kardiologického kongresu vo Viedni  |c Ján Murín 
300 |b Obr. 
611 1 7 |a Európsky kardiologický kongres  |n 25.  |d 2003  |c Viedeň, Rakúsko  |2 snkbucl  |9 1233415 
650 0 7 |a sartan  |x použitie terapeutické  |2 snkbucl  |9 1233416 
650 0 7 |a kardiológia  |x kongresy  |y 2003  |2 snkbucl  |9 856964 
650 0 7 |a chronické zlyhanie srdca  |2 snkbucl  |9 133644 
650 0 7 |a kongresy  |2 MESH  |9 19200 
650 0 7 |a kardiológia  |2 MESH  |9 906 
655 7 |a články z novín a časopisov  |2 snkbucl  |9 267496 
773 0 |t [Príl.] Lekárske listy  |g Č. 42 (2003), s. 14  |x 1335-4477 
773 0 |t Zdravotnícke noviny  |g Roč. 8, č. 42 (2003)  |x 1335-4477 
850 |a Slovenská národná knižnica v Martine 
852 |a SNK  |b KIS3GCP 
958 |a MI 
958 |a AT 
992 |a RBX 
999 |c 2177538  |d 2179468